000 00378nam a2200133 a 4500
005 20140412111333.0
008 040616s19uu xx 00 eng d
050 _aER
_bMy66
245 _aMy picture wordbook, part one /
_cpictures by Shib Sankar.
260 _aTokyo :
_bFroebel-kan co., ltd,
_c[n.d.]
300 _a16 p. ; ill.
650 _aPicture word book
999 _c104981
_d104981